| 000 | 00597nam a22002057a 4500 | ||
|---|---|---|---|
| 003 | OSt | ||
| 005 | 20161206195413.0 | ||
| 008 | 150602b xxu||||| |||| 00| 0 eng d | ||
| 020 | _a 9780781739221 | ||
| 040 | _cDNLM | ||
| 082 | _aQV.26A82p 2003. | ||
| 100 |
_aAnsel, Howard C;Prince,J.Shelly. _95144 |
||
| 245 | _aPharmaceutical calculations: the pharmacist's handbook. | ||
| 260 |
_aPhiladelphia; _bWolters kluwer, _c2003. |
||
| 300 |
_aix;342p; _bcol.ill; _c17cm; |
||
| 504 | _aindex included | ||
| 650 |
_apharmaceutical calculations _95145 |
||
| 650 |
_apharmacy _95146 |
||
| 942 |
_2z _cO_SHELF |
||
| 999 |
_c4334 _d4334 |
||